Complete French course for first examinations (Record no. 410621)

000 -LEADER
fixed length control field 00318cam a22001097a 4500
008 - FIXED-LENGTH DATA ELEMENTS--GENERAL INFORMATION
fixed length control field 180718b1935 xxu||||| |||| 00| 0 eng d
082 ## - DEWEY DECIMAL CLASSIFICATION NUMBER
Classification number A3748 W596
100 ## - MAIN ENTRY--PERSONAL NAME
Personal name Whitmarsh, W.F.H.
245 ## - TITLE STATEMENT
Title Complete French course for first examinations
Statement of responsibility, etc. by W.F.H. Whitmarsh
260 ## - PUBLICATION, DISTRIBUTION, ETC.
Place of publication, distribution, etc. London
Name of publisher, distributor, etc. Longmans
Date of publication, distribution, etc. 1935
300 ## - PHYSICAL DESCRIPTION
Extent xii, 288p
Holdings
Withdrawn status Lost status Damaged status Not for loan Permanent Location Current Location Date acquired Full call number Barcode Date last seen Price effective from Koha item type
        Indian Institute of Public Administration Indian Institute of Public Administration 2009-01-20 A3748 W596 28477 2018-07-21 2018-07-21 Book

Powered by Koha